Формирование корпоративной образовательной среды как формы частно-государственного партнерства в гостиничном бизнесе: монография

Bibliografiske detaljer
Hovedforfatter: Романова Г. М. Галина Максимовна
Andre forfattere: Апухтин А. В. Андрей Валерьевич, Нубарян Г. Д. Гаяне Давидовна
Summary:В монографии рассматриваются теоретико-методические и практические рекомендации по формированию корпоративной образовательной среды как формы частно-государственного партнерства в гостиничном бизнесе. Адресована научным работникам, руководителям учебных заведений системы образования, руководителям объектов размещения, органам местного самоуправления в области профессиональной подготовки, студентам, обучающимся по направлениям подготовки туристского профиля.
Sprog:russisk
Udgivet: Москва, Инфра-М, 2012
Serier:Научная мысль
Fag:
Format: MixedMaterials Bog
KOHA link:https://koha.lib.tpu.ru/cgi-bin/koha/opac-detail.pl?biblionumber=215111

MARC

LEADER 00000nam0a2200000 4500
001 215111
005 20231101225939.0
010 |a 9785160055855 
035 |a (RuTPU)RU\TPU\book\235008 
090 |a 215111 
100 |a 20120504d2012 k y0rusy50 ca 
101 0 |a rus 
102 |a RU 
105 |a a z 001zy 
200 1 |a Формирование корпоративной образовательной среды как формы частно-государственного партнерства в гостиничном бизнесе  |e монография  |f Г. М. Романова, А. В. Апухтин, Г. Д. Нубарян 
210 |a Москва  |c Инфра-М  |d 2012 
215 |a 204 с.  |c ил. 
225 1 |a Научная мысль 
320 |a Библиогр.: с. 148-156. 
330 |a В монографии рассматриваются теоретико-методические и практические рекомендации по формированию корпоративной образовательной среды как формы частно-государственного партнерства в гостиничном бизнесе. Адресована научным работникам, руководителям учебных заведений системы образования, руководителям объектов размещения, органам местного самоуправления в области профессиональной подготовки, студентам, обучающимся по направлениям подготовки туристского профиля. 
606 1 |a Гостиничный бизнес  |x Экономика  |2 stltpush  |3 (RuTPU)RU\TPU\subj\36058  |9 57573 
610 1 |a корпоративная структура 
610 1 |a образовательная среда 
610 1 |a частно-государственное партнерство 
610 1 |a туризм 
610 1 |a мировой рынок 
610 1 |a национальный рынок 
610 1 |a гостеприимство 
610 1 |a гостиницы 
610 1 |a гостиничные услуги 
610 1 |a персонал 
610 1 |a кадры 
610 1 |a потребности 
610 1 |a самообучаемая организация 
610 1 |a монографии 
686 |a У9(2)43  |v LBC/SL-A  |2 rubbk 
700 1 |a Романова  |b Г. М.  |g Галина Максимовна 
701 1 |a Апухтин  |b А. В.  |g Андрей Валерьевич 
701 1 |a Нубарян  |b Г. Д.  |g Гаяне Давидовна 
801 1 |a RU  |b 63413507  |c 20120504 
801 2 |a RU  |b 63413507  |c 20120702  |g RCR 
942 |c BK 
959 |a 69/20120502  |d 1  |e 276,90  |f ЧЗГЛ:1